000 006760000a22001930004500
041 0 _aSPA
082 0 4 _aG 278 M1533q
100 1 _aMackay, Juan A. (Alexander) (1889-)
245 1 0 _aEl otro Cristo español : Un estudio de la historia espiritual de España e hispanoamérica / Juan A. Mackay
250 _a3
260 _aMéxico : Casa Unida de Publicaciones
300 _a330 Pag
650 1 4 _aIGLESIA CATOLICA EN AMERICA DEL SUR \ IGLESIA CATOLICA EN ESPAÑA \ MISIONES - AMERICA DEL SUR \ AMERICA DEL SUR - RELIGION
001 9524
942 _cBK
999 _c39495
_d39495
336 _atexto
_btxt
_2rdacontent
337 _2rdamedia
_asin mediación
_bn
338 _2rdacarrier
_avolumen
_bnc